Capitales avec des doubles lettres - Statistiques

Statistiques générales
  • Ce quiz a été pris 130 fois
  • Le résultat moyen est 17 sur 29
Statistiques - réponses
Lettres Capitales % Correct
Ottawa
76%
Brazzaville
70%
ZZ Brazzaville
70%
AA Sanaa
69%
Vienne
68%
Bruxelles
67%
DD Addis-Abeba
66%
NN Lisbonne
66%
Tallinn
66%
Tallinn
66%
Wellington
66%
CC Accra
65%
MM Amman
65%
LL Andorre-la-Vieille
63%
RR Andorre-la-Vieille
63%
Canberra
61%
Dacca
61%
Manille
61%
TT La Valette
60%
Libreville
57%
Yamoussoukro
55%
EE Freetown
53%
Bissau
51%
Nassau
50%
Tbilissi
47%
Nouakchott
45%
Basseterre
43%
SS Basseterre
43%
Sri Jayawardenapura Kotte
40%
Aucun quiz correspondant
Distribution des résultats
% des personnes avec chaque résultat
Percentile par nombre de réponses
Votre historique - résultats
Vous n’avez pas pris ce quiz